LEADER 00900nam0-2200325---450- 001 990009398760403321 005 20110715115420.0 010 $a0824705866 035 $a000939876 035 $aFED01000939876 035 $a(Aleph)000939876FED01 035 $a000939876 100 $a20110715d2002----km-y0itay50------ba 101 0 $aeng 102 $aUS 105 $aa-------001yy 200 1 $aOrgano-clay complexes and interactions$fedited by Shmuel Yariv, Harold Cross 210 $aNew York$cMarcel Dekker$dc2002 215 $aviii, 688 p.$cill.$d24 cm 610 0 $aArgilla 676 $a549.6$v20$zita 702 1$aYariv,$bShmuel 702 1$aCross,$bHarold 801 0$aIT$bUNINA$gRICA$2UNIMARC 901 $aBK 912 $a990009398760403321 952 $a60 549.6 B 2$b12773$fFAGBC 959 $aFAGBC 996 $aOrgano-clay complexes and interactions$9765208 997 $aUNINA